00423nam a2200121Ia 4500008004100000100002000041245007500061245004600136260004900182260000900231650001300240856004800253170221s9999 xx 000 0 und d aSuzanne N. Cory 4aThe marketing major and Hispanic students: An occupational stereotype? cSuzanne N. Cory, St. Mary’s University. bJournal of Management and Marketing Research c2011 xBusiness uhttp://www.aabri.com/manuscripts/141901.pdf